000 00587nam a22002057a 4500
003 OSt
005 20180419144926.0
008 180419b xxu||||| |||| 00| 0 eng d
020 _a9780415423175
040 _cDDC
082 _a332.04 SPR 2009
100 _aSpratt, Stephen
_912603
245 _aDevelopment Finance: debates, dogmas and new directions
260 _aLondon; Routledge, 2009
300 _axiii,418p; ill: 23.5cm
504 _aNotes, references, & index included
650 _aInternational finance
_91014
650 _aEconomic development
_9521
942 _2z
_cB_BANK
999 _c6085
_d6085